Fr. Conceicao Rodrigues College of Engineering

BASIC MATHEMATICS (Record no. 35955)

MARC details
000 -LEADER
fixed length control field 00374nam a2200145 4500
003 - CONTROL NUMBER IDENTIFIER
control field OSt
005 - DATE AND TIME OF LATEST TRANSACTION
control field 20230914114215.0
008 - FIXED-LENGTH DATA ELEMENTS--GENERAL INFORMATION
fixed length control field 230914b |||||||| |||| 00| 0 eng d
020 ## - INTERNATIONAL STANDARD BOOK NUMBER
International Standard Book Number 9789355854575
040 ## - CATALOGING SOURCE
Transcribing agency
082 ## - DEWEY DECIMAL CLASSIFICATION NUMBER
Edition number I
Classification number 510
Item number SHI/NIR
245 ## - TITLE STATEMENT
Title BASIC MATHEMATICS
Statement of responsibility, etc. SHINDE VITTHAL B
Medium ENGLISH
260 ## - PUBLICATION, DISTRIBUTION, ETC.
Place of publication, distribution, etc. PUNE
Name of publisher, distributor, etc. TECHNICAL PUBLICATION
Date of publication, distribution, etc. 2023
942 ## - ADDED ENTRY ELEMENTS (KOHA)
Source of classification or shelving scheme Dewey Decimal Classification
Suppress in OPAC No
Koha item type BOOK
Edition I
Holdings
Withdrawn status Lost status Source of classification or shelving scheme Damaged status Not for loan Collection Home library Current library Shelving location Date acquired Source of acquisition Total Checkouts Full call number Barcode Date last seen Date last checked out Price effective from Koha item type
    Dewey Decimal Classification     AFT AGNEL TECHNICAL COLLEGE LIBRARY AGNEL TECHNICAL COLLEGE LIBRARY 9 14/09/2023 COMPLIMENTARY   510/SHI/NIR AFT8311 14/09/2023   14/09/2023 BOOK
    Dewey Decimal Classification     AFT AGNEL TECHNICAL COLLEGE LIBRARY Fr. Agnel's C.Rodrigues College of Engineering 9 14/09/2023 COMPLIMENTARY 2 510/SHI/NIR AFT8310 13/12/2024 12/12/2024 14/09/2023 BOOK